Pragmatism and 4 essays from the meaning of truth. (Record no. 83012)
[ view plain ]
| 000 -LEADER | |
|---|---|
| fixed length control field | 00389nam a2200145Ia 4500 |
| 008 - FIXED-LENGTH DATA ELEMENTS--GENERAL INFORMATION | |
| fixed length control field | 210210b1975 xxu||||| |||| 00| 0 eng d |
| 082 ## - DEWEY DECIMAL CLASSIFICATION NUMBER | |
| Classification number | 144.3 JAMP |
| 100 ## - MAIN ENTRY--PERSONAL NAME | |
| Personal name | JAMES (William). |
| 245 ## - TITLE STATEMENT | |
| Title | Pragmatism and 4 essays from the meaning of truth. |
| 260 ## - PUBLICATION, DISTRIBUTION, ETC. | |
| Place of publication, distribution, etc. | N D |
| Name of publisher, distributor, etc. | Eurasia Publishing House Ltd., |
| Date of publication, distribution, etc. | 1975 |
| 300 ## - PHYSICAL DESCRIPTION | |
| Extent | 271 |
| 650 ## - SUBJECT ADDED ENTRY--TOPICAL TERM | |
| Topical term or geographic name entry element | Pragmatism |
| 690 ## - LOCAL SUBJECT ADDED ENTRY--TOPICAL TERM (OCLC, RLIN) | |
| Topical term or geographic name as entry element | Philosophy |
| 906 ## - LOCAL DATA ELEMENT F, LDF (RLIN) | |
| a | 032009 |
| Withdrawn status | Lost status | Source of classification or shelving scheme | Damaged status | Not for loan | Collection code | Home library | Current library | Shelving location | Date acquired | Cost, normal purchase price | Total Checkouts | Full call number | Barcode | Date last seen | Date last checked out | Price effective from | Koha item type |
|---|---|---|---|---|---|---|---|---|---|---|---|---|---|---|---|---|---|
| Dewey Decimal Classification | St Aloysius Library | St Aloysius Library | Secondary stack section | 02/17/2021 | 15.00 | 1 | 144.3 JAMP | 032009 | 09/26/2023 | 09/16/2023 | 02/17/2021 | Book |